[Event "NCL967 BCM-Witney"]
[Site "Rd10"]
[Date "1997.??.??"]
[Round "10.1"]
[White "Norwood, David"]
[Black "Taulbut, Shaun"]
[Result "0-1"]
[WhiteElo "2520"]
[BlackElo "2400"]
[PlyCount "98"]
[EventDate "1997.03.23"]
[Source "J.Saunders"]
[SourceDate "1998.06.06"]

1. g3 e5 2. c4 Nc6 3. Bg2 f5 4. Nc3 Nf6 5. e3 Bb4 6. Nge2 O-O 7. O-O a5 8. d4
Bxc3 9. Nxc3 d6 10. a3 Bd7 11. Rb1 e4 12. f3 Qe7 13. Bd2 exf3 14. Qxf3 a4 15.
Nd5 Nxd5 16. cxd5 Na5 17. Bxa5 Rxa5 18. Rbc1 c6 19. Qe2 c5 20. Qd2 b6 21. Rf4
Re8 22. Re1 Rb5 23. e4 cxd4 24. Rff1 Qf6 25. exf5 Rxe1 26. Rxe1 d3 27. Qxd3
Rxb2 28. g4 h5 29. gxh5 Bxf5 30. Qe3 Qh4 31. Rf1 Qg4 32. Rf2 Rb1+ 33. Rf1 Rxf1+
34. Kxf1 Qxh5 35. Qxb6 Qxh2 36. Qe3 Qh4 37. Ke2 Qc4+ 38. Kf2 Qh4+ 39. Ke2 Bd7
40. Be4 Qh2+ 41. Ke1 Qe5 42. Kd2 g5 43. Qf3 Kg7 44. Ke3 Qc3+ 45. Kf2 Qxf3+ 46.
Bxf3 Kf6 47. Ke3 Ke5 48. Be4 g4 49. Bg2 Bb5 0-1

[Event "NCL967 BCM-Witney"]
[Site "Rd10"]
[Date "1997.??.??"]
[Round "10.3"]
[White "Mestel, Jonathan"]
[Black "Rose, Matthew"]
[Result "1-0"]
[WhiteElo "2510"]
[BlackElo "2152"]
[PlyCount "69"]
[EventDate "1997.03.23"]
[Source "J.Saunders"]
[SourceDate "1998.06.06"]

1. c4 Nf6 2. Nc3 g6 3. e4 d6 4. d4 Bg7 5. f3 O-O 6. Bg5 c5 7. d5 h6 8. Be3 e6
9. Qd2 exd5 10. cxd5 Re8 11. Nge2 Kh7 12. Nf4 Nbd7 13. Be2 a6 14. a4 Ne5 15. b3
Rb8 16. O-O Re7 17. Rfb1 b5 18. axb5 axb5 19. Bxb5 Reb7 20. Ba4 Ne8 21. Nd3 Nc4
22. bxc4 Bxc3 23. Qc1 Bxa1 24. Rxa1 Ra7 25. Bc2 Rba8 26. Rb1 Ra2 27. Bb3 R2a3
28. Qc2 Ra1 29. Bc1 Rxb1 30. Qxb1 Qb6 31. Qc2 Rb8 32. Ba4 Nc7 33. Bb2 Ra8 34.
Qc3 f6 35. Qxf6 1-0

[Event "NCL967 BCM-Witney"]
[Site "Rd10"]
[Date "1997.??.??"]
[Round "10.4"]
[White "Cooksey, Paul"]
[Black "Bellin, Robert"]
[Result "0-1"]
[WhiteElo "2150"]
[BlackElo "2375"]
[PlyCount "86"]
[EventDate "1997.03.23"]
[Source "J.Saunders"]
[SourceDate "1998.06.06"]

1. e4 e5 2. Nf3 Nc6 3. Nc3 Nf6 4. Bb5 Nd4 5. Ba4 Nxf3+ 6. Qxf3 Bc5 7. d3 O-O 8.
Bg5 Be7 9. O-O d6 10. h3 c6 11. Ne2 Nd7 12. Bxe7 Qxe7 13. c3 Nc5 14. Bc2 f5 15.
exf5 Bxf5 16. Qe3 Qc7 17. Ng3 Bg6 18. b4 Nd7 19. Bb3+ d5 20. c4 d4 21. c5+ Kh8
22. Qd2 a5 23. a3 Nf6 24. Rfe1 Nd5 25. Bxd5 cxd5 26. Ne2 b6 27. f4 axb4 28.
axb4 bxc5 29. fxe5 Rxa1 30. Rxa1 c4 31. dxc4 d3 32. Nf4 dxc4 33. Nxg6+ hxg6 34.
Rc1 Qb6+ 35. Kh2 Qd4 36. e6 Qe5+ 37. Kh1 Qxe6 38. Qg5 Rc8 39. Qh4+ Kg8 40. Qd4
Qc6 41. Ra1 Qf6 42. Qd5+ Kh7 43. Re1 Qd8 0-1

[Event "NCL967 BCM-Witney"]
[Site "Rd10"]
[Date "1997.??.??"]
[Round "10.5"]
[White "Cafferty, Bernard"]
[Black "Houska, Jovanka"]
[Result "1/2-1/2"]
[WhiteElo "2240"]
[BlackElo "2115"]
[PlyCount "35"]
[EventDate "1997.03.23"]
[Source "J.Saunders"]
[SourceDate "1998.06.06"]

1. e4 d5 2. exd5 Nf6 3. d4 Nxd5 4. Nf3 Bg4 5. Be2 e6 6. Ne5 Bxe2 7. Qxe2 Nd7 8.
O-O Be7 9. Rd1 O-O 10. Nd2 c5 11. c4 Nb4 12. Nxd7 Qxd7 13. Nf3 Rad8 14. Be3 Qc7
15. dxc5 Bxc5 16. Bxc5 Qxc5 17. Ne5 Qc7 18. b3 1/2-1/2

[Event "NCL967 BCM-Witney"]
[Site "Rd10"]
[Date "1997.??.??"]
[Round "10.7"]
[White "Anderton, David"]
[Black "Moxley, Carl"]
[Result "1/2-1/2"]
[WhiteElo "2200"]
[BlackElo "1888"]
[PlyCount "61"]
[EventDate "1997.03.23"]
[Source "J.Saunders"]
[SourceDate "1998.06.06"]

1. d4 f5 2. g3 Nf6 3. Bg2 g6 4. Nf3 Bg7 5. O-O d6 6. c4 O-O 7. Nc3 Qe8 8. d5
Na6 9. Rb1 Nc5 10. Nd4 a5 11. b3 Bd7 12. Bb2 c6 13. a3 e5 14. dxe6 Nxe6 15.
Nxe6 Qxe6 16. Re1 Rad8 17. Qd2 h6 18. Na4 Ne4 19. Bxe4 fxe4 20. Bxg7 Kxg7 21.
Qxa5 Qh3 22. Qc3+ Kh7 23. f4 c5 24. e3 Bg4 25. Qd2 Bf3 26. Qf2 h5 27. Nc3 Rh8
28. Nd5 Kg8 29. Qf1 Qe6 30. h4 Kf7 31. Kh2 1/2-1/2

[Event "NCL967 BCM-Witney"]
[Site "Rd10"]
[Date "1997.??.??"]
[Round "10.8"]
[White "Jones, Nicholas"]
[Black "Wilman, Carey"]
[Result "0-1"]
[WhiteElo "1936"]
[BlackElo "2060"]
[PlyCount "90"]
[EventDate "1997.03.23"]
[Source "J.Saunders"]
[SourceDate "1998.06.06"]

1. e4 d6 2. Nc3 Nf6 3. d3 g6 4. g3 c5 5. Bg2 Nc6 6. h3 Bg7 7. Nf3 Bd7 8. O-O
O-O 9. Ne2 Rb8 10. Be3 b5 11. Qd2 a5 12. Bh6 a4 13. Bxg7 Kxg7 14. Nh4 Qa5 15.
Qe3 a3 16. b3 c4 17. d4 cxb3 18. cxb3 b4 19. f4 Rbc8 20. e5 Nd5 21. Qd2 Nc3 22.
d5 Nxe2+ 23. Qxe2 Nd4 24. Qe4 Qb6 25. Kh2 Nf5 26. e6 fxe6 27. dxe6 Bc6 28.
Nxf5+ Rxf5 29. Qe2 Bb5 30. Qf2 Qc5 31. Qxc5 Rfxc5 32. Rf2 Rc2 33. Rxc2 Rxc2 34.
Kg1 Kf6 35. g4 Kxe6 36. Be4 Re2 37. f5+ Kf6 38. Bf3 Rb2 39. fxg6 hxg6 40. Be4
e6 41. h4 d5 42. g5+ Kg7 43. Bg2 Bd3 44. Bf1 Rb1 45. Rxb1 Bxb1 0-1

[Event "NCL967 Barbican-Guildford"]
[Site "Rd10"]
[Date "1997.??.??"]
[Round "10.1"]
[White "Kinsman, Andrew"]
[Black "Pritchett, Craig"]
[Result "1/2-1/2"]
[WhiteElo "2400"]
[BlackElo "2325"]
[PlyCount "31"]
[EventDate "1997.03.23"]
[Source "J.Saunders"]
[SourceDate "1998.06.06"]

1. d4 Nf6 2. Nf3 e6 3. g3 b6 4. Bg2 Bb7 5. c4 Bb4+ 6. Bd2 a5 7. O-O O-O 8. Bg5
Be7 9. Nc3 Ne4 10. Nxe4 Bxe4 11. Bxe7 Qxe7 12. Qd2 d6 13. Qe3 f5 14. Ng5 Bxg2
15. Kxg2 Re8 16. Rac1 1/2-1/2

[Event "NCL967 Barbican-Guildford"]
[Site "Rd10"]
[Date "1997.??.??"]
[Round "10.2"]
[White "Crouch, Colin"]
[Black "Povah, Nigel"]
[Result "1/2-1/2"]
[WhiteElo "2375"]
[BlackElo "2375"]
[PlyCount "87"]
[EventDate "1997.03.23"]
[Source "J.Saunders"]
[SourceDate "1998.06.06"]

1. d4 Nf6 2. Nf3 e6 3. Bg5 c5 4. e3 h6 5. Bh4 Nc6 6. c3 Be7 7. Nbd2 cxd4 8.
exd4 b6 9. Nc4 O-O 10. Bd3 Nh5 11. Bg3 f5 12. Nfe5 Nxg3 13. hxg3 Nxe5 14. Nxe5
Bb7 15. g4 Bd6 16. gxf5 Bxe5 17. dxe5 Qg5 18. Qd2 Qxd2+ 19. Kxd2 exf5 20. f3
Rae8 21. Rae1 Bd5 22. c4 Be6 23. Rh4 Rc8 24. Rd4 Rc7 25. b3 Kf7 26. f4 Ke7 27.
Re3 Rcc8 28. Be2 g5 29. Bf3 g4 30. Bd5 h5 31. Red3 Rc7 32. Ke2 h4 33. Kf2 Rh8
34. Kg1 Rg8 35. a4 Rb8 36. Rd1 Rh8 37. R4d3 Rb8 38. Ra1 Rc5 39. Bxe6 dxe6 40.
Kf2 Rc7 41. Rad1 Rh8 42. a5 bxa5 43. Ra1 Rc5 44. Rad1 1/2-1/2

[Event "NCL967 Barbican-Guildford"]
[Site "Rd10"]
[Date "1997.??.??"]
[Round "10.3"]
[White "Kennaugh, Charles"]
[Black "Plueg, Andreas"]
[Result "0-1"]
[WhiteElo "2290"]
[BlackElo "2310"]
[PlyCount "64"]
[EventDate "1997.03.23"]
[Source "J.Saunders"]
[SourceDate "1998.06.06"]

1. e4 c6 2. c4 d6 3. Nc3 e5 4. f4 Nf6 5. Nf3 Bg4 6. h3 Bxf3 7. Qxf3 Nbd7 8. Be2
Qb6 9. f5 Rd8 10. b4 d5 11. Rb1 dxe4 12. Nxe4 a5 13. a3 axb4 14. axb4 Be7 15.
Bd3 Nxe4 16. Bxe4 Qd4 17. d3 Nf6 18. Bb2 Bxb4+ 19. Ke2 Bc3 20. Bxc3 Qxc3 21.
Rhc1 Qa3 22. Rc2 O-O 23. Rcb2 Rd4 24. Rb3 Qc5 25. Rxb7 Nxe4 26. dxe4 Qxc4+ 27.
Kf2 Rxe4 28. g3 Qd4+ 29. Kg2 Re3 30. Qf2 Qe4+ 31. Kg1 Rf3 32. Re1 Qxf5 0-1

[Event "NCL967 Barbican-Guildford"]
[Site "Rd10"]
[Date "1997.??.??"]
[Round "10.4"]
[White "Dishman, Stephen"]
[Black "Thompson, Ian"]
[Result "1/2-1/2"]
[WhiteElo "2300"]
[BlackElo "2300"]
[PlyCount "79"]
[EventDate "1997.03.23"]
[Source "J.Saunders"]
[SourceDate "1998.06.06"]

1. d4 e6 2. e4 d5 3. exd5 exd5 4. Nf3 Nf6 5. c4 Bb4+ 6. Nc3 O-O 7. Be2 dxc4 8.
Bxc4 Bg4 9. O-O Nbd7 10. Bg5 Bxc3 11. bxc3 c5 12. h3 Bh5 13. g4 Bg6 14. Ne5 Qa5
15. Nxg6 hxg6 16. Bxf6 Nxf6 17. Qf3 cxd4 18. cxd4 Rad8 19. Rfd1 Nd5 20. Rac1
Rd6 21. Bb3 Qd8 22. Rc5 Nf6 23. Rdc1 Qe7 24. Rc7 Nd7 25. Rxb7 Rxd4 26. Rd1 Ne5
27. Rxe7 Nxf3+ 28. Kg2 Nd2 29. Rc1 Nxb3 30. axb3 Rb4 31. Rcc7 Rxb3 32. Rxa7 Rb6
33. h4 Rb3 34. g5 Rb5 35. Kg3 Rf5 36. f4 Rb8 37. Re3 Rfb5 38. Kg4 Rb1 39. Ree7
Rf8 40. Re3 1/2-1/2

[Event "NCL967 Barbican-Guildford"]
[Site "Rd10"]
[Date "1997.??.??"]
[Round "10.5"]
[White "Punnett, Alan"]
[Black "Sands, David"]
[Result "1/2-1/2"]
[WhiteElo "2080"]
[BlackElo "2260"]
[PlyCount "32"]
[EventDate "1997.03.23"]
[Source "J.Saunders"]
[SourceDate "1998.06.06"]

1. d4 d5 2. c4 dxc4 3. Nf3 Nf6 4. Nc3 a6 5. a4 e6 6. e3 c5 7. Bxc4 Nc6 8. O-O
Qc7 9. Qe2 Bd6 10. h3 O-O 11. Rd1 b6 12. d5 exd5 13. Nxd5 Nxd5 14. Bxd5 Bb7 15.
b3 Rae8 16. Bb2 Be7 1/2-1/2

[Event "NCL967 Barbican-Guildford"]
[Site "Rd10"]
[Date "1997.??.??"]
[Round "10.6"]
[White "Twyble, Michael"]
[Black "Singleton, Michael"]
[Result "1-0"]
[WhiteElo "2250"]
[BlackElo "2048"]
[PlyCount "111"]
[EventDate "1997.03.23"]
[Source "J.Saunders"]
[SourceDate "1998.06.06"]

1. d4 Nf6 2. c4 g6 3. Nc3 Bg7 4. e4 d6 5. f4 c5 6. d5 O-O 7. Nf3 e6 8. Be2 exd5
9. cxd5 Re8 10. e5 dxe5 11. fxe5 Ng4 12. Bg5 f6 13. exf6 Bxf6 14. Qd2 Bxg5 15.
Qxg5 Bf5 16. Qxd8 Rxd8 17. h3 Nf6 18. O-O-O Na6 19. g4 Bd7 20. Ne5 Re8 21. Nxd7
Nxd7 22. Bb5 Rad8 23. Rhe1 Nab8 24. Re6 a6 25. Bf1 Ne5 26. Ne4 Rxe6 27. dxe6
Rxd1+ 28. Kxd1 Kf8 29. Nxc5 b5 30. Bg2 Ke7 31. b4 Nc4 32. Bf1 Ne5 33. Kc2 Nec6
34. Kc3 Nd8 35. Kd4 Nxe6+ 36. Nxe6 Kxe6 37. Kc5 Kd7 38. Kb6 Nc6 39. a3 Nd4 40.
Kxa6 Kc6 41. Bd3 g5 42. Bxh7 Kd5 43. Bd3 Ke5 44. Bxb5 Nc2 45. Bd3 Nxa3 46. Ka5
Kd4 47. Ka4 Kxd3 48. Kxa3 Ke3 49. b5 Kf3 50. b6 Kg3 51. b7 Kxh3 52. b8=Q Kxg4
53. Kb3 Kh3 54. Kc3 g4 55. Kd3 g3 56. Ke3 1-0

[Event "NCL967 Barbican-Guildford"]
[Site "Rd10"]
[Date "1997.??.??"]
[Round "10.7"]
[White "Fink Nunn, Petra"]
[Black "Moore, John C"]
[Result "1/2-1/2"]
[WhiteElo "2080"]
[BlackElo "2155"]
[PlyCount "98"]
[EventDate "1997.03.23"]
[Source "J.Saunders"]
[SourceDate "1998.06.06"]

1. e4 e5 2. Nf3 Nc6 3. Bb5 a6 4. Ba4 Nf6 5. d3 b5 6. Bb3 Be7 7. O-O O-O 8. c3
d6 9. Re1 Na5 10. Bc2 c5 11. Nbd2 Re8 12. Nf1 Bf8 13. Bg5 h6 14. Bd2 g6 15. Ne3
Bb7 16. b4 cxb4 17. cxb4 Nc6 18. Bb3 Ne7 19. h3 Bg7 20. Nh2 h5 21. Nf3 Rf8 22.
Nf1 Nh7 23. Ng3 Nc6 24. Bd5 Qe7 25. a3 Rfc8 26. Be3 Nd8 27. Bxb7 Qxb7 28. Qd2
Ne6 29. Rac1 Nf6 30. Ne2 d5 31. Nxe5 dxe4 32. dxe4 Nxe4 33. Qd7 Qxd7 34. Nxd7
Rxc1 35. Bxc1 Rd8 36. Nb6 Nc3 37. Bb2 Nxe2+ 38. Rxe2 Nf4 39. Rc2 Bxb2 40. Rxb2
Rd6 41. Nc8 Rd1+ 42. Kh2 Ra1 43. Rb3 Ra2 44. Rf3 Ne2 45. Nd6 f5 46. Nb7 Nd4 47.
Rg3 Kg7 48. Nc5 f4 49. Rd3 Nc2 1/2-1/2

[Event "NCL967 Barbican-Guildford"]
[Site "Rd10"]
[Date "1997.??.??"]
[Round "10.8"]
[White "Lang, Heather"]
[Black "Ashby, Ann-Marie"]
[Result "0-1"]
[WhiteElo "2065"]
[BlackElo "2110"]
[PlyCount "48"]
[EventDate "1997.03.23"]
[Source "J.Saunders"]
[SourceDate "1998.06.06"]

1. e4 e6 2. Nc3 d5 3. d4 Nf6 4. Bg5 Be7 5. e5 Nfd7 6. h4 c5 7. Nb5 f6 8. exf6
Nxf6 9. Bd3 a6 10. Na3 cxd4 11. Bxf6 Bxf6 12. g4 Nc6 13. g5 Be7 14. Qh5+ Kd7
15. Nf3 Kc7 16. Nd2 e5 17. Nab1 e4 18. Bf1 Qd6 19. c4 e3 20. Nb3 dxc4 21. Nxd4
Nxd4 22. Qd1 exf2+ 23. Kxf2 Rf8+ 24. Kg2 Qd5+ 0-1

[Event "NCL967 Bristol-Celtic Kts"]
[Site "Rd10"]
[Date "1997.??.??"]
[Round "10.1"]
[White "Beaumont, Chris"]
[Black "Williams, Leighton"]
[Result "1/2-1/2"]
[WhiteElo "2330"]
[BlackElo "2135"]
[PlyCount "67"]
[EventDate "1997.03.23"]
[Source "J.Saunders"]
[SourceDate "1998.06.06"]

1. d4 Nf6 2. c4 g6 3. Nc3 Bg7 4. e4 O-O 5. Nf3 d6 6. Be2 e5 7. O-O Nc6 8. d5
Ne7 9. b4 Nh5 10. Re1 h6 11. Nd2 Nf4 12. Bf1 f5 13. c5 fxe4 14. Ndxe4 Kh8 15.
cxd6 cxd6 16. b5 Nf5 17. g3 Nh5 18. a4 Nf6 19. Nxf6 Bxf6 20. Ne4 h5 21. Ba3 Bg7
22. Bg2 h4 23. Qg4 h3 24. Qxg6 Nd4 25. Ng5 Bf5 26. Qh5+ Kg8 27. Bh1 Qf6 28. Ra2
Bg6 29. Qg4 Bf5 30. Qh5 Bg6 31. Qh4 Nc2 32. Re2 Rac8 33. Bb2 Nd4 34. Rd2
1/2-1/2

[Event "NCL967 Bristol-Celtic Kts"]
[Site "Rd10"]
[Date "1997.??.??"]
[Round "10.2"]
[White "Gilbert, Jonathan"]
[Black "Burgess, Graham"]
[Result "0-1"]
[WhiteElo "2150"]
[BlackElo "2290"]
[PlyCount "82"]
[EventDate "1997.03.23"]
[Source "J.Saunders"]
[SourceDate "1998.06.06"]

1. Nf3 Nf6 2. g3 g6 3. b3 Bg7 4. Bb2 O-O 5. Bg2 d6 6. d4 Nbd7 7. O-O e5 8. dxe5
Ng4 9. Nbd2 Ndxe5 10. c3 a5 11. a4 f5 12. Nc4 Nxc4 13. Qd5+ Kh8 14. Qxc4 Qe7
15. Qd3 f4 16. Qd2 g5 17. c4 Ne5 18. Nxe5 Bxe5 19. Rad1 Bg4 20. h3 Bh5 21. g4
Bg6 22. Bf3 Qf6 23. Bd4 Bxd4 24. Qxd4 Qxd4 25. Rxd4 Bc2 26. Rc1 Bxb3 27. Rb1
Bxa4 28. Rxb7 Ra6 29. Rxc7 Bb3 30. Be4 a4 31. Rxh7+ Kg8 32. Rd5 Rf7 33. Rxg5+
Kf8 34. Rh8+ Ke7 35. Rgg8 a3 36. Re8+ Kd7 37. Rd8+ Kc7 38. Rc8+ Kb6 39. Rb8+
Kc5 40. Rhc8+ Kd4 41. Bd5 a2 0-1

[Event "NCL967 Bristol-Celtic Kts"]
[Site "Rd10"]
[Date "1997.??.??"]
[Round "10.3"]
[White "Mah, Karl"]
[Black "Musson, Adam"]
[Result "1-0"]
[WhiteElo "2245"]
[BlackElo "2090"]
[PlyCount "65"]
[EventDate "1997.03.23"]
[Source "J.Saunders"]
[SourceDate "1998.06.06"]

1. d4 d5 2. c4 e6 3. Nc3 c6 4. Nf3 dxc4 5. a4 Bb4 6. e3 b5 7. Bd2 a5 8. axb5
Bxc3 9. Bxc3 cxb5 10. b3 Bb7 11. bxc4 b4 12. Bb2 Nf6 13. Bd3 Nbd7 14. O-O O-O
15. Re1 Re8 16. Bc2 Qc7 17. c5 Ng4 18. e4 e5 19. h3 Ngf6 20. dxe5 Nh5 21. Ng5
Nf4 22. Qf3 h6 23. Nxf7 Kxf7 24. Bb3+ Kg6 25. Qxf4 Rf8 26. Qg4+ Kh7 27. Be6
Qxc5 28. Bf5+ Kg8 29. e6 Nf6 30. Qg6 Bc6 31. Bxf6 Rxf6 32. Qh7+ Kf8 33. Qh8+
1-0

[Event "NCL967 Bristol-Celtic Kts"]
[Site "Rd10"]
[Date "1997.??.??"]
[Round "10.4"]
[White "Walsh, Chris"]
[Black "Phillips, Roy"]
[Result "1/2-1/2"]
[WhiteElo "2180"]
[BlackElo "2120"]
[PlyCount "50"]
[EventDate "1997.03.23"]
[Source "J.Saunders"]
[SourceDate "1998.06.06"]

1. e4 c5 2. Nf3 d6 3. d4 cxd4 4. Nxd4 Nf6 5. Nc3 g6 6. Be3 Bg7 7. f3 O-O 8. Qd2
Nc6 9. O-O-O Nxd4 10. Bxd4 Be6 11. Kb1 Qc7 12. g4 Rac8 13. h4 Qa5 14. Qg5 Qxg5
15. hxg5 Nd7 16. Rh4 Bxd4 17. Rxd4 Nb6 18. Rd2 Kg7 19. f4 Rc5 20. Bd3 f6 21.
gxf6+ exf6 22. Rdh2 Bg8 23. Re2 Re8 24. Rh1 d5 25. Rhe1 dxe4 1/2-1/2

[Event "NCL967 Bristol-Celtic Kts"]
[Site "Rd10"]
[Date "1997.??.??"]
[Round "10.5"]
[White "Collier, David"]
[Black "Borg, Andy"]
[Result "1-0"]
[WhiteElo "2225"]
[BlackElo "2205"]
[PlyCount "81"]
[EventDate "1997.03.23"]
[Source "J.Saunders"]
[SourceDate "1998.06.06"]

1. d4 d5 2. Bg5 Nd7 3. c4 c6 4. cxd5 cxd5 5. Nc3 Ngf6 6. e3 e6 7. Bd3 Be7 8.
Nf3 O-O 9. O-O a6 10. a4 Re8 11. Qb1 Qa5 12. Rc1 h6 13. Bh4 Bd6 14. Bg3 Bxg3
15. hxg3 e5 16. b4 Qd8 17. dxe5 Nxe5 18. Nxe5 Rxe5 19. Ne2 Ng4 20. Nd4 Qf6 21.
Nf3 Re8 22. Qb3 Be6 23. Qc3 Rec8 24. Qxf6 Nxf6 25. Nd4 Bd7 26. a5 g6 27. f3 Kf8
28. Kf2 Ke7 29. Nb3 Rxc1 30. Rxc1 Rc8 31. Nc5 Bc6 32. Nxa6 bxa6 33. Bxa6 Rb8
34. Rxc6 Rxb4 35. Rc7+ Kf8 36. Be2 Ra4 37. a6 Kg7 38. Ke1 Ra2 39. Bb5 Nh5 40.
a7 Ra1+ 41. Kd2 1-0

[Event "NCL967 Bristol-Celtic Kts"]
[Site "Rd10"]
[Date "1997.03.23"]
[Round "10.6"]
[White "Adams, Mark"]
[Black "Appleton, Fred"]
[Result "1/2-1/2"]
[WhiteElo "2100"]
[BlackElo "1864"]
[PlyCount "92"]
[EventDate "1997.03.23"]
[Source "J.Saunders"]
[SourceDate "1998.06.06"]

1. e4 c5 2. Nf3 Nc6 3. d4 cxd4 4. Nxd4 e5 5. Nb5 d6 6. N1c3 a6 7. Na3 b5 8. Nd5
Nge7 9. Nxe7 Bxe7 10. c3 Be6 11. Nc2 d5 12. exd5 Qxd5 13. Qxd5 Bxd5 14. Ne3 Be6
15. Bd3 O-O 16. Be4 Rac8 17. Bd5 Bxd5 18. Nxd5 Bc5 19. Be3 Bxe3 20. Nxe3 Rfd8
21. Ke2 e4 22. Rhd1 Ne5 23. Nf5 Kf8 24. Nd6 Rc6 25. Nxe4 Re8 26. Rab1 Ng6 27.
Kd3 Nf4+ 28. Ke3 Nxg2+ 29. Kf3 Nh4+ 30. Kf4 Ng6+ 31. Kf3 Ne5+ 32. Kg2 Rg6+ 33.
Ng3 f5 34. Rd4 Rf6 35. Nh5 Rh6 36. Ng3 Rf6 37. Nh5 Rfe6 38. Nf4 Rh6 39. Rbd1 g5
40. Nd5 Nc6 41. R4d2 Re4 42. Ne3 Reh4 43. Nxf5 Rxh2+ 44. Kf1 Rh1+ 45. Ke2 Re6+
46. Ne3 Rxd1 1/2-1/2

[Event "NCL967 Bristol-Celtic Kts"]
[Site "Rd10"]
[Date "1997.??.??"]
[Round "10.7"]
[White "Buckley, Simon"]
[Black "Sheehan, Anthony"]
[Result "1-0"]
[WhiteElo "2110"]
[BlackElo "2100"]
[PlyCount "55"]
[EventDate "1997.03.23"]
[Source "J.Saunders"]
[SourceDate "1998.06.06"]

1. e4 e5 2. Nf3 d6 3. d4 exd4 4. Nxd4 g6 5. Nc3 Bg7 6. Be3 Nf6 7. f3 O-O 8. Qd2
Re8 9. O-O-O Nc6 10. Kb1 a6 11. h4 Ne5 12. Bh6 Bh8 13. Bg5 b5 14. Nd5 c5 15.
Nb3 c4 16. Nd4 Bb7 17. h5 Bxd5 18. exd5 Rc8 19. hxg6 fxg6 20. g3 c3 21. Qh2 Re7
22. Bh3 Rc4 23. f4 Rxd4 24. fxe5 Rxd1+ 25. Rxd1 Rxe5 26. Be6+ Kf8 27. Rf1 Rxg5
28. Qxh7 1-0

[Event "NCL967 Bristol-Celtic Kts"]
[Site "Rd10"]
[Date "1997.??.??"]
[Round "10.8"]
[White "Wilson, Julie"]
[Black "Buckley, Melanie"]
[Result "1-0"]
[WhiteElo "1656"]
[BlackElo "2040"]
[PlyCount "39"]
[EventDate "1997.03.23"]
[Source "J.Saunders"]
[SourceDate "1998.06.06"]

1. d4 Nf6 2. c4 g6 3. Nc3 d5 4. cxd5 Nxd5 5. e4 Nxc3 6. bxc3 Bg7 7. Bc4 O-O 8.
Ne2 c5 9. O-O Nc6 10. Be3 Qc7 11. Qc1 Bd7 12. Bh6 Bxh6 13. Qxh6 cxd4 14. cxd4
Nxd4 15. Bxf7+ Rxf7 16. Nxd4 Qe5 17. Nf3 Qf4 18. Ng5 Rg7 19. Rad1 Bc6 20. Qxg7+
1-0

[Event "NCL967 Midland Mons-Witney"]
[Site "Rd11"]
[Date "1997.??.??"]
[Round "11.1"]
[White "Arkell, Keith"]
[Black "Ansell, Simon"]
[Result "1/2-1/2"]
[WhiteElo "2545"]
[BlackElo "2420"]
[PlyCount "139"]
[EventDate "1997.04.26"]
[Source "J.Saunders"]
[SourceDate "1998.06.06"]

1. d4 Nf6 2. Nf3 c5 3. d5 b5 4. Bg5 d6 5. Bxf6 exf6 6. e4 a6 7. a4 b4 8. Bd3
Be7 9. a5 O-O 10. Nbd2 Re8 11. O-O Bf8 12. Nc4 Nd7 13. c3 Rb8 14. Re1 g6 15.
Qd2 Qc7 16. Ra4 bxc3 17. bxc3 Bb7 18. Bc2 Ba8 19. Raa1 Bg7 20. h4 Re7 21. Rab1
Rb5 22. Qd3 Bb7 23. Ba4 Rxb1 24. Rxb1 f5 25. exf5 Nf6 26. Bc6 Bxc6 27. dxc6
Qxc6 28. Qxd6 Qxd6 29. Nxd6 Rd7 30. Nc4 Ng4 31. fxg6 hxg6 32. Rb8+ Kh7 33. Ng5+
Kh6 34. Nd6 Bxc3 35. Ngxf7+ Kg7 36. f3 Ne5 37. Nxe5 Bxe5 38. Rb7 Rxb7 39. Nxb7
Kf7 40. Kf1 Bd4 41. Nd8+ Ke8 42. Ne6 Bf6 43. g3 c4 44. Ke2 Bc3 45. Nc5 Bxa5 46.
Nxa6 c3 47. Nc5 c2 48. Nb3 Kf7 49. Nc1 Kf6 50. Kd3 Be1 51. g4 Bxh4 52. Kxc2 Bf2
53. Kd3 Ke5 54. Ke2 Bb6 55. Nd3+ Kf6 56. Nb4 Bd4 57. Kd3 Ba1 58. Ke4 Kf7 59.
Nd3 Kf6 60. Nc5 Bb2 61. Kd5 Bc1 62. Ne4+ Kf7 63. Kd6 Ba3+ 64. Kd7 Bc1 65. Nc5
Kf6 66. Nd3 Ba3 67. Ke8 Bd6 68. Nf2 Ba3 69. Ne4+ Ke6 70. Ng5+ 1/2-1/2

[Event "NCL967 Midland Mons-Witney"]
[Site "Rd11"]
[Date "1997.??.??"]
[Round "11.2"]
[White "Cobb, Charles"]
[Black "Hebden, Mark"]
[Result "1-0"]
[WhiteElo "2260"]
[BlackElo "2530"]
[PlyCount "59"]
[EventDate "1997.04.26"]
[Source "J.Saunders"]
[SourceDate "1998.06.06"]

1. e4 d5 2. exd5 Nf6 3. d4 Bg4 4. f3 Bf5 5. Bb5+ Nbd7 6. c4 a6 7. Bxd7+ Qxd7 8.
Ne2 b5 9. b3 bxc4 10. bxc4 e6 11. dxe6 Qxe6 12. Qa4+ Nd7 13. Kf2 Bd6 14. c5
Bxb1 15. Rxb1 Be7 16. Be3 g5 17. d5 Qxd5 18. Rhd1 Qe6 19. Nd4 Qg6 20. Nc6 Bxc5
21. Ne5 Bxe3+ 22. Kxe3 Qe6 23. Qxd7+ Qxd7 24. Nxd7 Ke7 25. Rb7 Rhe8 26. Kf2
Rac8 27. Nb6 Rcd8 28. Rxc7+ Kf8 29. Rxd8 Rxd8 30. Rc8 1-0

[Event "NCL967 Midland Mons-Witney"]
[Site "Rd11"]
[Date "1997.??.??"]
[Round "11.3"]
[White "Turner, Matthew"]
[Black "Haydon, Richard"]
[Result "1-0"]
[WhiteElo "2425"]
[BlackElo "2220"]
[PlyCount "119"]
[EventDate "1997.04.26"]
[Source "J.Saunders"]
[SourceDate "1998.06.06"]

1. c4 g6 2. Nc3 Bg7 3. g3 d6 4. Bg2 Nf6 5. e4 O-O 6. Nge2 e5 7. O-O Nc6 8. d3
Nd7 9. Nd5 a5 10. Rb1 Nc5 11. Be3 Nd4 12. Qd2 c6 13. Ndc3 Be6 14. f4 f5 15. b3
Kh8 16. Bf2 Bg8 17. Nxd4 exd4 18. Ne2 Ne6 19. a3 Qd7 20. b4 axb4 21. axb4 Ra3
22. exf5 gxf5 23. Ra1 Rfa8 24. Qb2 Rxa1 25. Rxa1 Rxa1+ 26. Qxa1 c5 27. bxc5
Nxc5 28. Bxd4 Nxd3 29. Bxg7+ Qxg7 30. Qxg7+ Kxg7 31. Nd4 Kf6 32. Bxb7 Bxc4 33.
Bc8 Nc1 34. Nxf5 d5 35. Kf2 Nd3+ 36. Ke3 Nc5 37. Kd4 Nb3+ 38. Kc3 Nc5 39. Ne3
Ba2 40. g4 Ke7 41. g5 Ne4+ 42. Kd4 Kd6 43. Bb7 Nd2 44. Nf5+ Ke6 45. Bc8+ Kf7
46. Nh4 Bc4 47. Bf5 Kg7 48. Be6 h6 49. Bxd5 Bxd5 50. Kxd5 hxg5 51. fxg5 Nf1 52.
h3 Ng3 53. Ke5 Nh5 54. Kf5 Kh7 55. Kg4 Ng7 56. Nf5 Ne6 57. h4 Kg6 58. h5+ Kf7
59. Nd6+ Kg7 60. g6 1-0

[Event "NCL967 Midland Mons-Witney"]
[Site "Rd11"]
[Date "1997.??.??"]
[Round "11.4"]
[White "Truran, Michael"]
[Black "Webster, Andrew"]
[Result "0-1"]
[WhiteElo "2255"]
[BlackElo "2415"]
[PlyCount "86"]
[EventDate "1997.04.26"]
[Source "J.Saunders"]
[SourceDate "1998.06.06"]

1. d4 d6 2. e4 c6 3. c4 e5 4. d5 Be7 5. Nf3 Nf6 6. Nc3 a6 7. h3 b5 8. cxb5 cxb5
9. Bd3 Nbd7 10. Be3 O-O 11. O-O Bb7 12. Nd2 Ne8 13. b4 Bg5 14. Bxg5 Qxg5 15.
Nb3 g6 16. Qg4 Qe7 17. Na5 Rb8 18. Rac1 Ng7 19. Nc6 Bxc6 20. dxc6 Nf6 21. Nd5
Nxd5 22. exd5 f5 23. Qd1 Nh5 24. Rc3 Nf4 25. Bc2 h5 26. Bb3 h4 27. Kh1 Rfc8 28.
Qd2 Qg5 29. Rg1 Nxh3 30. Qxg5 Nxg5 31. Bc2 Kf7 32. Ra1 e4 33. a4 Rc7 34. axb5
Rxb5 35. Rc4 Rxd5 36. Rxa6 h3 37. Ba4 Rd2 38. Bb3 d5 39. Rc1 Rxf2 40. gxh3 Ke6
41. b5 e3 42. Ra2 e2 43. b6 Nf3 0-1

[Event "NCL967 Midland Mons-Witney"]
[Site "Rd11"]
[Date "1997.??.??"]
[Round "11.5"]
[White "Ferguson, Mark"]
[Black "Cooksey, Paul"]
[Result "1-0"]
[WhiteElo "2385"]
[BlackElo "2150"]
[PlyCount "71"]
[EventDate "1997.04.26"]
[Source "J.Saunders"]
[SourceDate "1998.06.06"]

1. e4 c5 2. Nf3 e6 3. d3 Nc6 4. g3 g6 5. d4 cxd4 6. Nxd4 d5 7. Bg2 Bg7 8. Nxc6
bxc6 9. O-O Ne7 10. c3 O-O 11. Be3 Ba6 12. Re1 Qd6 13. Nd2 f5 14. exd5 cxd5 15.
Nb3 Rfc8 16. Bg5 Re8 17. Bxe7 Rxe7 18. Bxd5 Rd8 19. Rxe6 Rxe6 20. Bxe6+ Kf8 21.
Qxd6+ Rxd6 22. Re1 Bb7 23. Nc5 Be4 24. Bb3 Rd2 25. f3 Bc2 26. Ne6+ Kg8 27. Bc4
Bf6 28. Nc7+ Kf8 29. Re8+ Kg7 30. Nd5 g5 31. Nxf6 Kxf6 32. Re6+ Kg7 33. Re2
Rd1+ 34. Kf2 Rh1 35. Ke3 Bd1 36. Rd2 1-0